[Event "TUR Cup"]
[Site "Denizli"]
[Date "2023.07.22"]
[Round "9"]
[White "Bayram, Ufuk"]
[Black "Saltik, Suleyman"]
[Result "1-0"]
[WhiteElo "1421"]
[BlackElo "1730"]
[PlyCount "93"]
[EventDate "2023.07.16"]
[EventType "team-tourn"]
[EventRounds "9"]
[EventCountry "TUR"]
[SourceTitle "CBM 215 Extra"]
[Source "ChessBase"]
[SourceDate "2023.09.30"]
[SourceVersion "1"]
[SourceVersionDate "2023.09.30"]
[SourceQuality "1"]

1. d4 Nf6 2. Nf3 g6 3. c4 Bg7 4. g3 0-0 5. Bg2 d6 6. 0-0 c6 7. Nc3 Nbd7 8. e4 e5 9. Re1 h6 10. h3 exd4 11. Nxd4 Nc5 12. Qc2 Nh7 13. Be3 Ng5 14. Rad1 Qe7 15. b4 Nce6 16. Nb3 Qf6 17. Nd4 Nxd4 18. Bxd4 Nf3+ 19. Bxf3 Qxf3 20. Qe2 Qxe2 21. Rxe2 Be6 22. Bxg7 Kxg7 23. Rxd6 Bxc4 24. Red2 a5 25. Rb2 Rfd8 26. Rxd8 Rxd8 27. bxa5 Ba6 28. Na4 Rd4 29. Nc5 Bb5 30. Nxb7 Rxe4 31. Nc5 Re1+ 32. Kh2 Re7 33. a4 Bxa4 34. Nxa4 Ra7 35. Rc2 Rxa5 36. Nb6 Rf5 37. Kg2 Rf6 38. Rc5 Re6 39. Nc4 f5 40. Na5 h5 41. Rxc6 Re2 42. h4 Re4 43. Nb3 Kf7 44. Nd2 Re2 45. Nf3 Kg7 46. Nd4 Rd2 47. Ne6+ 1-0

[Event "TUR Cup"]
[Site "Ankara"]
[Date "2021.12.12"]
[Round "9"]
[White "Ozates, Mert"]
[Black "Saltik, Suleyman"]
[Result "0-1"]
[WhiteElo "1792"]
[BlackElo "1622"]
[PlyCount "112"]
[EventDate "2021.12.08"]
[EventType "swiss"]
[EventRounds "9"]
[EventCountry "TUR"]
[SourceTitle "CBM 205 Extra"]
[Source "ChessBase"]
[SourceDate "2022.01.31"]
[SourceVersion "1"]
[SourceVersionDate "2022.01.31"]
[SourceQuality "1"]

1. e4 e5 2. Nf3 Nc6 3. Bb5 a6 4. Ba4 Nf6 5. 0-0 Be7 6. Re1 b5 7. Bb3 0-0 8. h3 d6 9. c3 Na5 10. Bc2 c5 11. d4 Qc7 12. d5 h6 13. Nbd2 Nh7 14. Nf1 Qd8 15. Ng3 Ng5 16. a4 Bd7 17. axb5 axb5 18. Bxg5 Bxg5 19. Nxg5 Qxg5 20. Ra2 Nc4 21. Rxa8 Rxa8 22. b3 Na3 23. Bd3 c4 24. Bf1 g6 25. bxc4 Nxc4 26. Qc1 Ra2 27. Bxc4 Qxc1 28. Rxc1 bxc4 29. Kf1 Ba4 30. Ke1 Bc2 31. Kf1 Kg7 32. Ke1 Kf6 33. Kf1 Kg5 34. Kg1 Bd3 35. Nf1 Bxe4 36. Ne3 Bd3 37. g3 f5 38. h4+ Kf6 39. Kg2 h5 40. Re1 Ke7 41. Rc1 Kd7 42. Nf1 Be4+ 43. Kg1 Bxd5 44. Rb1 Kc7 45. Ne3 Be4 46. Rd1 Bd3 47. Nd5+ Kd7 48. Nb4 Ra3 49. Nxd3 cxd3 50. Rxd3 Kc6 51. Kf1 d5 52. f4 e4 53. Re3 Kc5 54. Ke2 Kc4 55. Kd2 d4 56. Re1 Ra2+ 0-1

[Event "TUR Cup"]
[Site "Ankara"]
[Date "2021.12.11"]
[Round "5"]
[White "Cevizci, Yusuf Baran"]
[Black "Saltik, Suleyman"]
[Result "1/2-1/2"]
[WhiteElo "1806"]
[BlackElo "1622"]
[PlyCount "73"]
[EventDate "2021.12.08"]
[EventType "swiss"]
[EventRounds "9"]
[EventCountry "TUR"]
[SourceTitle "CBM 205 Extra"]
[Source "ChessBase"]
[SourceDate "2022.01.31"]
[SourceVersion "1"]
[SourceVersionDate "2022.01.31"]
[SourceQuality "1"]

1. e4 c5 2. c3 d5 3. exd5 Qxd5 4. d4 Nf6 5. Nf3 Bg4 6. Be2 e6 7. 0-0 Be7 8. h3 Bh5 9. Be3 Nbd7 10. c4 Qc6 11. Nc3 0-0 12. Ne5 Nxe5 13. dxe5 Rfd8 14. Qe1 Bxe2 15. Qxe2 Ne4 16. Rac1 Rd7 17. Qg4 Nxc3 18. Rxc3 Kf8 19. Bg5 Bxg5 20. Qxg5 h6 21. Qh5 Qe4 22. b3 Rad8 23. Rf3 Re7 24. Re3 Qc2 25. a3 Rd4 26. Qf3 Red7 27. Rfe1 Rd3 28. Rxd3 Qxd3 29. Re3 Qd1+ 30. Qxd1 Rxd1+ 31. Kh2 Ke7 32. Kg3 Ra1 33. a4 Rd1 34. Kf3 Kd7 35. Ke2 Rd4 36. Rf3 Ke7 37. Re3 1/2-1/2

[Event "Online Olym Disabilities"]
[Site "Tornelo INT"]
[Date "2020.11.25"]
[Round "5.9"]
[White "Pakhomov, Alexey"]
[Black "Saltik, Suleyman"]
[Result "1-0"]
[WhiteElo "2315"]
[BlackElo "1639"]
[PlyCount "43"]
[EventDate "2020.11.21"]
[EventType "team-swiss (rapid)"]
[EventRounds "7"]
[EventCountry "NET"]
[SourceTitle "CBM 199 Extra"]
[Source "ChessBase"]
[SourceDate "2021.01.31"]
[SourceVersion "1"]
[SourceVersionDate "2021.01.31"]
[SourceQuality "1"]
[WhiteTeam "Russia II"]
[BlackTeam "Turkey"]
[WhiteTeamCountry "RUS"]
[BlackTeamCountry "TUR"]

1. c4 Nf6 2. Nc3 e6 3. d4 Bb4 4. Bg5 b6 5. e3 Bb7 6. Nge2 0-0 7. a3 Be7 8. Ng3 d5 9. cxd5 Nxd5 10. Bxe7 Nxe7 11. Qc2 Ng6 12. 0-0-0 Nd7 13. h4 Nxh4 14. f4 f5 15. Bc4 Nxg2 16. Bxe6+ Kh8 17. d5 Rf6 18. Nxf5 Nc5 19. Rxh7+ Kxh7 20. Rh1+ Rh6 21. Nxh6+ g6 22. Nf5+ 1-0

[Event "Ankara Ipek Memorial 8th"]
[Site "Ankara"]
[Date "2020.03.08"]
[Round "7"]
[White "Saltik, Suleyman"]
[Black "Ceneli, Mehmet Canay"]
[Result "0-1"]
[WhiteElo "1658"]
[BlackElo "1431"]
[PlyCount "104"]
[EventDate "2020.03.04"]
[EventType "swiss"]
[EventRounds "7"]
[EventCountry "TUR"]
[SourceTitle "CBM 195 Extra"]
[Source "ChessBase"]
[SourceDate "2020.05.31"]
[SourceVersion "1"]
[SourceVersionDate "2020.05.31"]
[SourceQuality "1"]

1. e4 d6 2. Bc4 Nf6 3. Nc3 c5 4. Nge2 Nc6 5. d4 cxd4 6. Nxd4 e6 7. 0-0 Be7 8. Be3 a6 9. a4 Qc7 10. Qe2 0-0 11. Rfd1 Rd8 12. f3 d5 13. exd5 exd5 14. Bd3 Bd6 15. g3 Re8 16. Qf2 Rxe3 17. Qxe3 Nxd4 18. Kg2 Nc6 19. Ne2 Be6 20. Nd4 Nxd4 21. Qxd4 Re8 22. Re1 Bc5 23. Qh4 d4 24. Re2 h6 25. b4 Bxb4 26. Rb1 Bc5 27. Kh1 Qc6 28. Be4 Nxe4 29. Qxe4 Qxe4 30. Rxe4 Rc8 31. Re2 Bd5 32. Kg2 Bc6 33. a5 Rd8 34. Rb3 Rd6 35. Re5 Ba7 36. Kf1 Rd5 37. f4 Rxe5 38. fxe5 Bb8 39. c3 dxc3 40. Rxc3 Bxe5 41. Rb3 Bc7 42. Ra3 f5 43. Ke2 Kf7 44. Kd3 Ke6 45. Kd4 Be5+ 46. Kc4 Bb5+ 47. Kb3 f4 48. gxf4 Bxf4 49. h3 Kf5 50. Kc3 Be5+ 51. Kd2 Kg5 52. Ke3 Kh4 0-1

[Event "IBCA Wch blind 14th"]
[Site "Cagliari"]
[Date "2019.04.13"]
[Round "8"]
[White "Saltik, Suleyman"]
[Black "Migala, Andrzej"]
[Result "1/2-1/2"]
[WhiteElo "1652"]
[BlackElo "2037"]
[PlyCount "68"]
[EventDate "2019.04.06"]
[EventType "swiss"]
[EventRounds "9"]
[EventCountry "ITA"]
[SourceTitle "CBM 189 Extra"]
[Source "ChessBase"]
[SourceDate "2019.06.03"]
[SourceVersion "1"]
[SourceVersionDate "2019.06.03"]
[SourceQuality "1"]

1. d4 Nf6 2. Bg5 d5 3. Bxf6 exf6 4. e3 Bd6 5. g3 c6 6. Ne2 Nd7 7. Bg2 f5 8. Nd2 Nf6 9. c4 dxc4 10. Nxc4 Bb4+ 11. Nc3 Be6 12. Qd3 0-0 13. 0-0 Re8 14. a3 Bf8 15. Rfd1 Qc7 16. Ne5 Rad8 17. Rac1 g6 18. b4 a6 19. Na4 Bd5 20. Bxd5 Rxd5 21. Qb3 h5 22. Nc3 Rdxe5 23. dxe5 Qxe5 24. Ne2 h4 25. Qc3 hxg3 26. hxg3 a5 27. bxa5 Qxc3 28. Rxc3 Ra8 29. Rb1 Ne4 30. Rc2 Rxa5 31. Rxb7 Rxa3 32. Rxc6 Ra2 33. Kf1 Nd2+ 34. Kg1 Ne4 1/2-1/2

[Event "IBCA Wch blind 14th"]
[Site "Cagliari"]
[Date "2019.04.09"]
[Round "4"]
[White "Schellmann, Frank"]
[Black "Saltik, Suleyman"]
[Result "1/2-1/2"]
[WhiteElo "2033"]
[BlackElo "1652"]
[PlyCount "73"]
[EventDate "2019.04.06"]
[EventType "swiss"]
[EventRounds "9"]
[EventCountry "ITA"]
[SourceTitle "CBM 189 Extra"]
[Source "ChessBase"]
[SourceDate "2019.06.03"]
[SourceVersion "1"]
[SourceVersionDate "2019.06.03"]
[SourceQuality "1"]

1. e4 c6 2. d4 d5 3. e5 Bf5 4. Nf3 e6 5. Be2 c5 6. Be3 cxd4 7. Nxd4 Ne7 8. 0-0 Nbc6 9. Bb5 a6 10. Bxc6+ bxc6 11. c4 Qc7 12. cxd5 exd5 13. Nc3 Qd7 14. Na4 Rb8 15. Rc1 g6 16. Nc5 Qc8 17. e6 Bxe6 18. Bf4 Ra8 19. Re1 Bf5 20. Qa4 f6 21. Nxc6 Kf7 22. Nd4 g5 23. Bg3 h5 24. Ne4 Qd7 25. Nd6+ Kg6 26. Qxd7 Bxd7 27. h3 Nf5 28. N4xf5 Bxf5 29. Red1 Bxd6 30. Bxd6 Be6 31. Rc6 Rhc8 32. Rdc1 Rxc6 33. Rxc6 Kf5 34. f3 h4 35. Kf2 Rc8 36. Rxc8 Bxc8 37. Ke3 1/2-1/2

[Event "TUR Cup"]
[Site "Antalya"]
[Date "2019.02.01"]
[Round "9"]
[White "Baylav, Bartu"]
[Black "Saltik, Suleyman"]
[Result "1-0"]
[WhiteElo "1784"]
[BlackElo "1560"]
[PlyCount "43"]
[EventDate "2019.01.27"]
[EventType "swiss"]
[EventRounds "11"]
[EventCountry "TUR"]
[SourceTitle "CBM 188 Extra"]
[Source "ChessBase"]
[SourceDate "2019.02.26"]
[SourceVersion "1"]
[SourceVersionDate "2019.02.26"]
[SourceQuality "1"]

1. d4 Nf6 2. Nc3 d5 3. Bg5 Bf5 4. f3 c6 5. Qd2 Nbd7 6. 0-0-0 Qa5 7. e4 dxe4 8. fxe4 Bg4 9. Nf3 e6 10. e5 Nd5 11. Nxd5 Qxd5 12. c4 Bb4 13. Qxb4 c5 14. cxd5 cxb4 15. Bb5 exd5 16. Kd2 a6 17. Bxd7+ Bxd7 18. Rc1 Bc6 19. Rhe1 Kd7 20. e6+ fxe6 21. Ne5+ Kc7 22. Nxc6 1-0

[Event "TUR Cup"]
[Site "Antalya"]
[Date "2019.01.31"]
[Round "7"]
[White "Bayram, Irem Inci"]
[Black "Saltik, Suleyman"]
[Result "0-1"]
[WhiteElo "1525"]
[BlackElo "1560"]
[PlyCount "80"]
[EventDate "2019.01.27"]
[EventType "swiss"]
[EventRounds "11"]
[EventCountry "TUR"]
[SourceTitle "CBM 188 Extra"]
[Source "ChessBase"]
[SourceDate "2019.02.26"]
[SourceVersion "1"]
[SourceVersionDate "2019.02.26"]
[SourceQuality "1"]

1. d4 Nf6 2. c4 d5 3. Nc3 e6 4. cxd5 exd5 5. Bg5 Be7 6. e3 0-0 7. Bd3 h6 8. Bh4 c6 9. Qc2 Be6 10. Nge2 c5 11. 0-0 c4 12. Bf5 Qd7 13. Bxe6 fxe6 14. Rad1 b5 15. a3 a5 16. Bxf6 Rxf6 17. e4 b4 18. Nb1 Qb5 19. Nc1 Nc6 20. Qe2 Qb6 21. Qe3 Raf8 22. exd5 exd5 23. Kh1 Kh8 24. a4 Bd6 25. f3 Ne7 26. Ne2 Qc6 27. b3 c3 28. Rc1 Rc8 29. Rc2 Ng6 30. Rfc1 Nf4 31. Nbxc3 Re6 32. Ne4 Qxc2 33. Rxc2 Rxc2 34. Nxf4 Rc3 35. Qg1 Bxf4 36. Nxc3 bxc3 37. g4 c2 38. Kg2 Re2+ 39. Kh3 Rxh2+ 40. Qxh2 Bxh2 0-1

[Event "TUR Cup"]
[Site "Antalya"]
[Date "2019.01.30"]
[Round "5"]
[White "Evin, Abdulkerim"]
[Black "Saltik, Suleyman"]
[Result "1/2-1/2"]
[WhiteElo "1364"]
[BlackElo "1560"]
[PlyCount "121"]
[EventDate "2019.01.27"]
[EventType "swiss"]
[EventRounds "11"]
[EventCountry "TUR"]
[SourceTitle "CBM 188 Extra"]
[Source "ChessBase"]
[SourceDate "2019.02.26"]
[SourceVersion "1"]
[SourceVersionDate "2019.02.26"]
[SourceQuality "1"]

1. e4 c6 2. d4 d5 3. Nc3 dxe4 4. Nxe4 Nf6 5. f3 Nxe4 6. fxe4 e5 7. Be3 Qh4+ 8. Bf2 Qxe4+ 9. Qe2 Qxe2+ 10. Nxe2 exd4 11. Bxd4 Bf5 12. 0-0-0 Nd7 13. Ng3 Bg6 14. Re1+ Kd8 15. Bc4 f6 16. Rhf1 Bd6 17. Bf2 Ne5 18. Bb3 Ng4 19. Rd1 Kc7 20. Bg1 Rhe8 21. Rfe1 Rad8 22. Kb1 Bxg3 23. hxg3 Rxd1+ 24. Rxd1 Be4 25. a3 Bxg2 26. Bc4 Rd8 27. Rxd8 Kxd8 28. Bxa7 g5 29. Be6 Nh2 30. Bb6+ Ke7 31. Bc8 c5 32. Bxc5+ Kd8 33. Bf5 h5 34. Bf2 Nf3 35. Kc1 h4 36. gxh4 gxh4 37. Bg4 Ne5 38. Bh5 h3 39. Bg3 Nc4 40. Be2 Ne5 41. Kd2 Kd7 42. Ke3 Ke6 43. b3 f5 44. c4 Be4 45. b4 Bb1 46. a4 Bc2 47. a5 Nc6 48. Bf3 Ba4 49. Bxc6 Bxc6 50. b5 Be4 51. Bf4 Bg2 52. Kd4 Bf3 53. c5 Kd7 54. Bh2 Be2 55. Ke5 Bxb5 56. Kxf5 Kc6 57. Kg4 Bf1 58. Bg1 Kb5 59. Kg3 Kxa5 60. Kh2 Kb5 61. Bf2 1/2-1/2